[Event "Rheinhausen-ch 14th"]
[Site "Duisburg Rheinhausen"]
[Date "2010.02.19"]
[Round "4"]
[White "Doehring, Joachim"]
[Black "Wagner, Niklas"]
[Result "0-1"]
[WhiteElo "1210"]
[BlackElo "1620"]
[PlyCount "96"]
[EventDate "2010.01.08"]
[EventType "swiss"]
[EventRounds "7"]
[EventCountry "GER"]
[SourceTitle "EXT 2018"]
[Source "ChessBase"]
[SourceDate "2017.10.13"]
[SourceVersion "1"]
[SourceVersionDate "2017.10.13"]
[SourceQuality "1"]

1. c4 Nf6 2. Nc3 e6 3. Nf3 Be7 4. g3 0-0 5. Bg2 c6 6. 0-0 d5 7. cxd5 cxd5 8. d4 Bd7 9. Bd2 Nc6 10. Rc1 Rc8 11. Qc2 a6 12. Qb1 Na5 13. Ne5 Nc4 14. Nxc4 Rxc4 15. e3 Qb6 16. b3 Rc7 17. Rc2 Rfc8 18. Rfc1 Ba3 19. Rd1 Qd6 20. Qa1 b5 21. Be1 b4 22. Rd3 bxc3 23. Rdxc3 Rxc3 24. Rxc3 Rxc3 25. Bxc3 Bb5 26. Ba5 Qc6 27. Qd1 Kf8 28. Bd8 Qc1 29. Qxc1 Bxc1 30. Bf3 Bd3 31. Kg2 Ba3 32. Bb6 Nd7 33. Bc7 Ke7 34. Bd1 Nf6 35. f3 Kd7 36. Ba5 Kc6 37. Bc3 Kb5 38. Kf2 Bb1 39. g4 a5 40. g5 Ne8 41. Kg3 Nd6 42. Kf4 Bb4 43. Be2+ Kc6 44. Bb2 Bxa2 45. Bd1 Bb1 46. h4 Nf5 47. h5 Bd6+ 48. Kg4 Nxe3+ 0-1

[Event "Rheinhausen-ch 14th"]
[Site "Duisburg Rheinhausen"]
[Date "2010.01.08"]
[Round "1"]
[White "Heinert, Eugen"]
[Black "Wagner, Niklas"]
[Result "1-0"]
[WhiteElo "2077"]
[BlackElo "1620"]
[PlyCount "37"]
[EventDate "2010.01.08"]
[EventType "swiss"]
[EventRounds "7"]
[EventCountry "GER"]
[SourceTitle "EXT 2018"]
[Source "ChessBase"]
[SourceDate "2017.10.13"]
[SourceVersion "1"]
[SourceVersionDate "2017.10.13"]
[SourceQuality "1"]

1. c4 e5 2. Nc3 Nc6 3. g3 Bc5 4. Bg2 d6 5. e3 Nge7 6. Nge2 0-0 7. 0-0 Bf5 8. d3 Qd7 9. a3 a5 10. Nd5 Nxd5 11. Bxd5 Bh3 12. Re1 Be6 13. Nc3 Bxd5 14. Nxd5 a4 15. Nc3 Na5 16. Nxa4 Nxc4 17. Nxc5 dxc5 18. dxc4 Qe6 19. Qd5 1-0

[Event "Rheinhausen-ch 12th"]
[Site "Duisburg Rheinhausen"]
[Date "2008.02.29"]
[Round "6"]
[White "Uhlenbrock, Steffan"]
[Black "Wagner, Niklas"]
[Result "1/2-1/2"]
[WhiteElo "1689"]
[BlackElo "1479"]
[PlyCount "125"]
[EventDate "2008.01.11"]
[EventType "swiss"]
[EventRounds "7"]
[EventCountry "GER"]
[SourceTitle "EXT 2018"]
[Source "ChessBase"]
[SourceDate "2017.10.13"]
[SourceVersion "1"]
[SourceVersionDate "2017.10.13"]
[SourceQuality "1"]

1. e4 e5 2. f4 Nc6 3. Nf3 d6 4. Nc3 a6 5. Bc4 Bg4 6. 0-0 Nf6 7. Qe1 Bxf3 8. gxf3 exf4 9. Qh4 Ne5 10. Bb3 Ng6 11. Qg5 c6 12. Ne2 h6 13. Qf5 Qc8 14. Qxc8+ Rxc8 15. d4 Nh5 16. c4 Be7 17. Rf2 Bg5 18. Rg2 Nh4 19. Rg4 Nxf3+ 20. Kf2 Nxh2 21. Rg2 Bh4+ 22. Kg1 Nf3+ 23. Kh1 Ng3+ 24. Nxg3 fxg3 25. d5 Ng5 26. Bf4 Nxe4 27. Re1 f5 28. Bc2 cxd5 29. cxd5 Kd7 30. Bxe4 fxe4 31. Rxe4 Rhe8 32. Rb4 Re1+ 33. Rg1 Rxg1+ 34. Kxg1 b5 35. a4 g5 36. Bd2 Rb8 37. Bc3 Ke7 38. Re4+ Kd7 39. Re6 bxa4 40. Rxh6 Rb5 41. Rh7+ Ke8 42. Ra7 Rxd5 43. Rxa6 Ke7 44. Rxa4 Rd1+ 45. Kg2 d5 46. Ra7+ Ke6 47. Ra8 d4 48. Rd8 d3 49. b4 Kf5 50. b5 Rb1 51. Rxd3 Rxb5 52. Be1 Rb2+ 53. Rd2 Rb1 54. Re2 Kf4 55. Bd2+ Kg4 56. Be1 Rb5 57. Re4+ Kh5 58. Re2 Rf5 59. Bxg3 Bxg3 60. Kxg3 g4 61. Re3 Kg5 62. Rc3 Rf1 63. Kg2 1/2-1/2

[Event "Rheinhausen-ch 11th"]
[Site "Duisburg Rheinhausen"]
[Date "2007.03.16"]
[Round "6"]
[White "Glende, Siegfried"]
[Black "Wagner, Niklas"]
[Result "1-0"]
[WhiteElo "1632"]
[BlackElo "1264"]
[PlyCount "71"]
[EventDate "2007.01.12"]
[EventType "swiss"]
[EventRounds "7"]
[EventCountry "GER"]
[SourceTitle "EXT 2018"]
[Source "ChessBase"]
[SourceDate "2017.10.13"]
[SourceVersion "1"]
[SourceVersionDate "2017.10.13"]
[SourceQuality "1"]

1. c4 e5 2. Nc3 Nc6 3. g3 d6 4. Bg2 Be7 5. d3 Bd7 6. e4 Nf6 7. Nge2 0-0 8. 0-0 Bg4 9. h3 Bh5 10. g4 Bg6 11. Ng3 Nd7 12. Nf5 Bxf5 13. exf5 Rb8 14. a3 Nd4 15. Nd5 c6 16. Nxe7+ Qxe7 17. Be3 c5 18. Rb1 b6 19. b4 b5 20. Re1 a6 21. f4 f6 22. Bxd4 cxd4 23. Qb3 Kh8 24. cxb5 axb5 25. a4 Rfc8 26. a5 Rc3 27. Qd1 Nf8 28. a6 Qa7 29. Ra1 Rb6 30. Bb7 Nd7 31. Qf3 Nb8 32. fxe5 fxe5 33. f6 Kg8 34. fxg7 Kxg7 35. Rf1 Rc7 36. Qf6+ 1-0

[Event "Duisburg Grossenbaum op"]
[Site "Duisburg"]
[Date "2006.06.02"]
[Round "1"]
[White "Der, Josef"]
[Black "Wagner, Niklas"]
[Result "1-0"]
[WhiteElo "1785"]
[BlackElo "1397"]
[PlyCount "49"]
[EventDate "2006.06.02"]
[EventType "swiss"]
[EventRounds "7"]
[EventCountry "GER"]
[SourceTitle "EXT 2007"]
[Source "ChessBase"]
[SourceDate "2006.11.23"]
[SourceVersion "1"]
[SourceVersionDate "2006.11.23"]
[SourceQuality "1"]

1. d4 e6 2. c4 Nf6 3. Nf3 d5 4. e3 Bd7 5. Bd3 Bb4+ 6. Bd2 Bxd2+ 7. Nbxd2 0-0 8. Rc1 Nc6 9. a3 a5 10. Bb1 dxc4 11. Nxc4 Re8 12. Qc2 g6 13. Nce5 Ra6 14. 0-0 Re7 15. e4 Qe8 16. Nxd7 Qxd7 17. Rfd1 Qc8 18. Qc3 Ne8 19. Bd3 Rb6 20. Rc2 Rd7 21. Bc4 Nd6 22. Rdc1 Nxc4 23. Qxc4 Qd8 24. Rd2 e5 25. d5 1-0

[Event "Rheinhausen-ch 10th"]
[Site "Duisburg Rheinhausen"]
[Date "2006.03.31"]
[Round "7.25"]
[White "Wagner, Niklas"]
[Black "Palmowski, Sascha"]
[Result "1-0"]
[WhiteElo "1122"]
[BlackElo "1163"]
[PlyCount "38"]
[EventDate "2006.01.06"]
[EventType "swiss"]
[EventRounds "7"]
[EventCountry "GER"]
[SourceTitle "EXT 2007"]
[Source "ChessBase"]
[SourceDate "2006.11.23"]
[SourceVersion "1"]
[SourceVersionDate "2006.11.23"]
[SourceQuality "1"]

1. d4 d5 2. Nf3 Nf6 3. Bg5 Bf5 4. e3 e6 5. c4 Bb4+ 6. Nbd2 0-0 7. Qb3 Be7 8. Qxb7 Nbd7 9. b3 a5 10. c5 h6 11. Bf4 Ne4 12. Bxc7 Qc8 13. Qxc8 Rfxc8 14. Bg3 Nef6 15. Bb5 Nf8 16. 0-0 Rab8 17. Bxb8 Rxb8 18. a4 Ne4 19. Nxe4 dxe4 1-0

[Event "Rheinhausen-ch 10th"]
[Site "Duisburg Rheinhausen"]
[Date "2006.02.03"]
[Round "3"]
[White "Wagner, Niklas"]
[Black "Denzer, Wilfried"]
[Result "1-0"]
[WhiteElo "1122"]
[BlackElo "1328"]
[PlyCount "79"]
[EventDate "2006.01.06"]
[EventType "swiss"]
[EventRounds "7"]
[EventCountry "GER"]
[SourceTitle "EXT 2007"]
[Source "ChessBase"]
[SourceDate "2006.11.23"]
[SourceVersion "1"]
[SourceVersionDate "2006.11.23"]
[SourceQuality "1"]

1. d4 e6 2. Bf4 d6 3. e3 Be7 4. Bd3 Nf6 5. Nf3 h6 6. Nc3 a6 7. Ne4 Nc6 8. Nxf6+ Bxf6 9. c3 Bd7 10. Qc2 b5 11. 0-0 g5 12. Bg3 h5 13. h3 g4 14. hxg4 hxg4 15. Nh2 e5 16. d5 Ne7 17. e4 Ng6 18. Qe2 Qc8 19. f3 Bh4 20. Qf2 Qb7 21. fxg4 Qb6 22. Qxb6 cxb6 23. Bxh4 Nxh4 24. Rf6 Ke7 25. Raf1 Raf8 26. g3 Ng6 27. g5 Rh7 28. Be2 Rg7 29. Bg4 Be8 30. Bf5 Rfg8 31. Ng4 Nh8 32. Nh6 Rf8 33. Be6 Rxg5 34. R6f3 Ng6 35. Nxf7 Bxf7 36. Rxf7+ Rxf7 37. Rxf7+ Ke8 38. Kf2 Nf8 39. Rb7 Rg6 40. Bf7+ 1-0